Business 121: lab manual and readings. (Record no. 1651)

000 -LEADER
fixed length control field 00486nam a22001937a 4500
003 - CONTROL NUMBER IDENTIFIER
control field OSt
005 - DATE AND TIME OF LATEST TRANSACTION
control field 20210629092116.0
008 - FIXED-LENGTH DATA ELEMENTS--GENERAL INFORMATION
fixed length control field 210629b ||||| |||| 00| 0 eng d
020 ## - INTERNATIONAL STANDARD BOOK NUMBER
International Standard Book Number 9781553222958
040 ## - CATALOGING SOURCE
Transcribing agency ALUPE UNIVERSITY
050 ## - LIBRARY OF CONGRESS CALL NUMBER
Classification number HF5356
Item number .M87 2014
100 ## - MAIN ENTRY--PERSONAL NAME
Personal name Wilfrid Laurier
245 ## - TITLE STATEMENT
Title Business 121: lab manual and readings.
250 ## - EDITION STATEMENT
Edition statement 29th ed
260 ## - PUBLICATION, DISTRIBUTION, ETC.
Place of publication, distribution, etc. Concord, Ont.
Name of publisher, distributor, etc. Captus Press
Date of publication, distribution, etc. 2014
300 ## - PHYSICAL DESCRIPTION
Extent 300p
650 ## - SUBJECT ADDED ENTRY--TOPICAL TERM
Topical term or geographic name entry element Business
942 ## - ADDED ENTRY ELEMENTS (KOHA)
Source of classification or shelving scheme
Koha item type Book
Suppress in OPAC MW

No items available.

Powered by Koha